000136607 001__ 136607
000136607 005__ 20240827140717.0
000136607 037__ $$aGDOC-2023-25355
000136607 041__ $$aspa
000136607 041__ $$aeng
000136607 100__ $$0(orcid)0000-0003-0898-2232$$1390875$$aMaría Elena Bandrés, Goldáraz
000136607 24500 $$925355$$aPeriodismo local
000136607 24200 $$925355$$aLocal Journalism
000136607 260__ $$aZaragoza$$bUniversidad de Zaragoza$$c2023-2024
000136607 521__ $$9105$$aGrado en Periodismo$$bDegree in Journalism
000136607 540__ $$aby-nc-sa$$bCreative Commons$$c3.0$$uhttp://creativecommons.org/licenses/by-nc-sa/3.0/
000136607 700__ $$0(orcid)0000-0003-3640-4974$$1391033$$aMaite Gobantes, Bilbao
000136607 830__ $$9272
000136607 8564_ $$s7390$$uhttps://zaguan.unizar.es/record/136607/files/guia-25355-en.pdf$$yGuide (english)
000136607 8564_ $$s7460$$uhttps://zaguan.unizar.es/record/136607/files/guia-25355-es.pdf$$yGuía (idioma español)
000136607 970__ $$aGDOC-2023-25355
000136607 980__ $$aGDOC$$bCiencias Sociales y Jurídicas$$bSocial Sciences and Law$$c103